| 000 | 01649cad a22002175a 4500 | ||
|---|---|---|---|
| 001 | L156158 | ||
| 008 | 120502s2012 xxk 000 0 eng d | ||
| 035 | _a(Sirsi) u156158 | ||
| 041 | 0 | _aeng | |
| 110 | 2 |
_aKnight Frank _91530 |
|
| 245 | 0 | 0 |
_aGlobal real estate markets _bannual review and outlook 2012 _h[electronic resource] |
| 260 |
_aLondon _bKnight Frank _c2012 |
||
| 490 | 0 |
_aKnight Frank Global Real Estate Markets Annual Review and Outlook _v2012 |
|
| 520 | _aDemand for office space has remained robust in the US, Germany and mainland China markets but reduced occupier confidence and falling rents were evident in some major Asian financial centres and European markets most hit by the debt crisis. Recent leasing activity in Central and Eastern Europe, Germany and the Nordic region has strengthened. Recovery in the US commercial property sector has been maintained. Asian office markets have experienced contrasting fortunes whereas the Middle East markets show the effects of political turbulence and high levels of development activity. Africa's emerging property markets have continued to develop. Globally commercial property investment volumes rose moderately in 2011 compared to 2010. | ||
| 520 | _aHighlights - Europe (office/investment) - North America (office/industrial) - Middle East (office) - Africa (office) - Asia Pacific (office/investment) - Global CBD office rents. | ||
| 590 | _aKA | ||
| 651 | 4 | _aInternational | |
| 690 |
_aCommercial property _96227 |
||
| 856 | 4 | 0 |
_uhttps://my.knightfrank.com/research/?regionid=7 _zView the report (click on Global in Refine box then on title) at myknightfrank.com |
| 942 | _n0 | ||
| 999 |
_c83958 _d83958 |
||